El contexto de la evaluación de políticas y acciones públicas /
Este libro se desarrollo una reflexión sobre los distintos elementos que definen y delimitan el contexto de la evaluación. Se revisan, en primer lugar, distintas concepciones y tipologías de evaluación, para luego identificar sus referencias fácticas. De segundo, se hace una propuesta analítica para...
Uloženo v:
| Hlavní autor: | |
|---|---|
| Korporativní autor: | |
| Médium: | Neznámo |
| Jazyk: | Spanish |
| Vydáno: |
San José, Costa Rica :
Editorial Universidad de Costa Rica,
|
| Témata: | |
| Tagy: |
Přidat tag
Žádné tagy, Buďte první, kdo vytvoří štítek k tomuto záznamu!
|
MARC
| LEADER | 00000 a2200000 04500 | ||
|---|---|---|---|
| 001 | 40292 | ||
| 003 | cru CIDCACS/IIS | ||
| 005 | 20170313101107.0 | ||
| 008 | 050630s2008 cr spa d | ||
| 020 | |a 978-9968-46-043-9 | ||
| 040 | |c CIDCACS/IIS | ||
| 090 | |a 04.03.02 R621c | ||
| 100 | |a Rivera Araya, Roy | ||
| 245 | |a El contexto de la evaluación de políticas y acciones públicas / |c Roy Rivera Araya | ||
| 260 | |a San José, Costa Rica : |b Editorial Universidad de Costa Rica, | ||
| 300 | |a 102 páginas | ||
| 520 | |a Este libro se desarrollo una reflexión sobre los distintos elementos que definen y delimitan el contexto de la evaluación. Se revisan, en primer lugar, distintas concepciones y tipologías de evaluación, para luego identificar sus referencias fácticas. De segundo, se hace una propuesta analítica para tratar el tema de la correspondencia entre el texto y el contexto de la evaluación. Este ejercicio se realiza tomando en cuenta los aspectos ético-políticos que atraviesan la práctica de la evaluación y las posibilidades que existen de que se realice a partir de práctica dialógicas. | ||
| 590 | |a RRA/NOVIEMBRE2012 | ||
| 650 | |a EVALUACION | ||
| 650 | |a POLITICAS GUBERNAMENTALES | ||
| 650 | |a EVALUACION DE PROGRAMAS | ||
| 650 | |a TEORIA | ||
| 650 | |a ESTADO | ||
| 650 | |a COSTA RICA | ||
| 710 | |a Universidad de Costa Rica. Sistema de Estudios de Posgrado. Maestría en Evaluación de Programas y Proyectos de Desarrollo | ||
| 942 | |2 ddc |c LI | ||
| 999 | |c 1714 |d 1714 | ||



